00659nam a2200193 a 4500001000500000005001700005008004100022020001800063050001700081100002200098245007300120260003500193300003100228500004200259520010500301650001500406650002200421650002200443166520140414132014.0000818s19uu xx 00 eng d a0-590-47340-9 aTRbAN1 1972 aMcDermott, Gerald aAnansi the spider :ba tale from the Ashanti /cby Gerald McDermott. aNew York :bScholastic,c1972. a1 v. (unp.) : ill. ; cm. aThis book won a Caldecott Honor Award aThis is a tale about how mischievous Anansi and his six brave sons helped place the moon in the sky! aFolktales. aSpiders--Fiction. aChildren stories.